Taylor Swift - Lead Singles de chaque album - Statistiques

Statistiques générales
  • Ce quiz a été pris 595 fois
    469 depuis la dernière actualisation
  • Le résultat moyen est 11 sur 14
Statistiques - réponses
Hint Réponse % Correct
Fearless Love Story
90%
Fearless TV Love Story (Taylor's Version)
90%
1989 Shake It Off
90%
folklore cardigan
88%
The Tortured Poets Department Fortnight
88%
Reputation Look What You Made Me Do
87%
Midnights Anti-Hero
86%
Evermore Willow
80%
Red We Are Never Ever Getting Back Together
78%
Taylor Swift Tim McGraw
77%
Lover ME!
72%
Speak Now Mine
58%
Speak Now TV I Can See You
56%
Red TV I Bet You Think About Me
33%
Aucun quiz correspondant
Distribution des résultats
% des personnes avec chaque résultat
Percentile par nombre de réponses
Votre historique - résultats
Vous n’avez pas pris ce quiz depuis la dernière actualisation